Guía práctica para la interpretación de las pruebas de la funcion pulmonar

Сохранить в:
Библиографические подробности
Главные авторы: Hyatt, Robert E. (Автор), Scanlon, Paul D. (Paul David) (Автор), Nakamura, Masao (Pulmonologist) (Автор)
Соавтор: Ovid Technologies, Inc
Другие авторы: Igea Aznar, Juan Manuel (Переводчик), Valledor, Carmen (Переводчик)
Формат: Электронный ресурс eКнига
Язык:испанский
английский
Опубликовано: Barcelona : Wolters Kluwer Health/Lippincott Williams and Wilkins, 2009.
Редактирование:3. ed.
Предметы:
Online-ссылка:Authentication may be required:
Метки: Добавить метку
Нет меток, Требуется 1-ая метка записи!

MARC

LEADER 00000nam a2200000 a 4500
001 E000000014
003 UtOrBLW
005 20140722121711.0
006 m d
007 cr
008 140722s2009 sp a sb 001 0 spa d
020 |z 9788496921399 
035 |a (E000000014)E000000014 
040 |a UtOrBLW  |c UtOrBLW 
041 1 |a spa  |h eng 
050 4 |a RC734.P84  |b H9318 2009 
060 4 |a WF 141  |b H992i 2009 
082 0 4 |a 616.240754  |2 22 
100 1 |a Hyatt, Robert E.  |4 aut 
240 1 0 |a Interpretation of pulmonary function tests.  |l Spanish 
245 1 0 |a Guía práctica para la interpretación de las pruebas de la funcion pulmonar  |h [electronic resource] /  |c Robert E. Hyatt, Paul D. Scanlon, Masao Nakamura ; [traducción y revisión, Juan Manuel Igea Aznar, Carmen Valledor]. 
250 |a 3. ed. 
260 |a Barcelona :  |b Wolters Kluwer Health/Lippincott Williams and Wilkins,  |c 2009. 
300 |a 272 p. :  |b ill. ;  |c cm. 
500 |a Spanish edition of the original work in English: Interpretation of pulmonary function tests : a practical guide. 3rd ed. 2009. 
504 |a Includes bibliographical references and index. 
533 |a Electronic reproduction.  |b New York, N.Y. :  |c Ovid Technologies, Inc.  |n Available via World Wide Web. 
650 0 |a Pulmonary function tests. 
650 1 2 |a Respiratory Function Tests 
650 2 2 |a Lung Diseases  |x diagnosis 
700 1 |a Scanlon, Paul D.  |q (Paul David)  |4 aut 
700 1 |a Nakamura, Masao  |c (Pulmonologist)  |4 aut 
700 1 |a Igea Aznar, Juan Manuel.  |4 trl 
700 1 |a Valledor, Carmen.  |4 trl 
710 2 |a Ovid Technologies, Inc. 
856 4 0 |a E-Books (Ovid)  |z Authentication may be required:  |u http://ovides.unach.elogim.com/Pages/book.aspx?isbn=9788496921399